000 01407cam a2200361 a 4500
001 12084279
003 OSt
005 20250604110310.0
008 000628s2001 nyua b 000 1 eng
010 _a 00055305
020 _a0375802916 (trade)
020 _a0375902910 (glb)
040 _aDLC
_cDLC
_dDLC
042 _alcac
050 0 0 _aPZ7.P2197
_bJug 2001
082 0 0 _a[Fic]
_221
100 1 _aPark, Barbara.
245 1 0 _aJunie B. Jones is Captain Field Day /
_cby Barbara Park ; illustrated by Denise Brunkus.
260 _aNew York :
_bRandom House,
_c2001.
300 _a66 p. :
_bill. ;
_c21 cm.
490 1 _aThe Junie B. Jones series ;
_v#16
500 _a"A Stepping Stone book."
520 _aAs captain of Room Nine's field day team, Junie B. Jones tries to rally her troops after they lose several events.
650 1 _aWinning and losing
_vFiction.
650 1 _aKindergarten
_vFiction.
650 1 _aSchools
_vFiction.
700 1 _aBrunkus, Denise,
_eill.
800 1 _aPark, Barbara.
_tJunie B. Jones series ;
_v#16.
856 4 2 _3Publisher description
_uhttp://www.loc.gov/catdir/description/random047/00055305.html
906 _a7
_bcbc
_corignew
_d1
_eocip
_f20
_gy-gencatlg
942 _2lcc
_cBK
999 _c264899
_d264898